Statistics for NBA Finals Winners and Losers

Click here to take the quiz!

General Stats

  • This quiz has been taken 124 times
  • The average score is 17 of 17

Answer Stats

YearLosersWinners% Correct
2016Golden State WarriorsCleveland Cavaliers
99%
2011Miami HeatDallas Mavericks
99%
2018Cleveland CavaliersGolden State Warriors
99%
2017Cleveland CavaliersGolden State Warriors
99%
2015Cleveland CavaliersGolden State Warriors
99%
2006Dallas MavericksMiami Heat
99%
2013San Antonio SpursMiami Heat
99%
2012Oklahoma City ThunderMiami Heat
99%
2019Golden State WarriorsToronto Raptors
99%
2010Orlando MagicLos Angeles Lakers
98%
2009Boston CelticsLos Angeles Lakers
98%
2008Los Angeles LakersBoston Celtics
97%
2004Los Angeles LakersDetroit Pistons
97%
2007Cleveland CavaliersSan Antonio Spurs
97%
2014Miami HeatSan Antonio Spurs
97%
2005Detroit PistonsSan Antonio Spurs
97%
2003New Jersey NetsSan Antonio Spurs
97%

Score Distribution

Percentile by Number Answered

Percent of People with Each Score

Your Score History

You have not taken this quiz